000 00329nam a2200133Ia 4500
005 20260328104345.0
008 260328s9999||||xx |||||||||||||| ||und||
100 _aFontes, Martins
245 0 _aLina Bo Bardi,6 edicao /
_cMartins Fontes
260 _bInstituto Bardi
300 _a333 p.
650 _aARQUITECTOS
942 _cBK
999 _c12271
_d12271